Culture Générale en 10 courtes vidéos #6 - Statistiques

Statistiques générales
  • Ce quiz a été pris 90 fois
  • Le résultat moyen est 5 sur 10
Statistiques - réponses
Vidéo Question Réponse % Correct
Boisson en 8 lettres à l'honneur dans cet extrait de publicité Orangina
100%
Ville en 5 lettres où s'est déroulé la conférence montré dans cet extrait Yalta
76%
Spécialité régionale du Languedoc en 9 lettres cuisiné par Maïté (généreuse en viande) dans cet extrait Cassoulet
67%
Dans quelle ville se passe cet extrait ? Brest
54%
Extrait d'un film en 7 lettres Jumanji
54%
Quel est le nom du groupe de métal qui s'est produit dans cet extrait de la cérémonie d'ouverture des JO 2024 ? Gojira
41%
Race du chien qui aboie ici en 10 lettres Rottweiler
41%
Quel est le nom de l'athlète célèbre pour avoir inventé et popularisé le saut en rouleau dorsal (appelé également le « _______-flop »), avec lequel il a remporté le titre olympique à Mexico en 1968 ?(Le nom de famille suffit) Dick Fosbury
35%
Dans le film Le Prénom, quel prénom est finalement choisi pour l'enfant ? Françoise
11%
Phénomène météo filmé ici en deux mots Trombe Marine
6%
Aucun quiz correspondant
Distribution des résultats
% des personnes avec chaque résultat
Percentile par nombre de réponses
Votre historique - résultats
Vous n’avez pas pris ce quiz